• 首页
  • 本馆介绍
  • 公告通知
  • 最新文献
  • 馆藏检索
  • 电子资源
  • 读者导购
  • 参考咨询
  • 我的图书馆
  • 登录
  • 详细信息显示
  • 放入我的书架
  • 预约/预借图书
  • 作者相关作品
  • 分类相关作品
  • 丛书相关作品
  • 出版社相关作品

书目信息

  • 表格格式
  • 工作单格式
  • 卡片格式
题名:
嘉业堂钞校本目录
    
 
作者: 周子美 , 罗振常 编
分册:  
出版信息: 上海   华东师范大学出版社  1986
页数: 204页
开本: 19cm
丛书名:
单 册:
中图分类: Z822.9
科图分类:
主题词: 图书馆目录-私人藏书--中国--古代 , 图书馆目录 , 私人藏书-图书馆目录--中国--古代
电子资源:
ISBN:
000 00900nam0 2200277 45
001 0186002285
005 20060420081844.07
010    @dCNY1.70
091    @a7135.139
100    @a19901010d1986 emky0chiy0121 ea
101 0  @achi
102    @aCN@b310000
105    @ay z 000yy
200 10 @a嘉业堂钞校本目录@Ajia ye tang chao jiao ben mu lu@f周子美编@Fzhou zi mei bian@c天一阁藏书经见录@f罗振常原著@Fluo zhen chang yuan zhu@g(吴兴)周子美编
210    @a上海@c华东师范大学出版社@d1986
215    @a204页@d19cm
517 1  @a天一阁藏书经见录@Atian yi ge cang shu jing jian lu
606    @a图书馆目录-私人藏书@y中国@z古代
606 0  @a图书馆目录
606    @a私人藏书-图书馆目录@y中国@z古代
690    @aZ822.9@v3
701  0 @a周子美@Azhou zi mei@4编
701  0 @a罗振常@Aluo zhen chang@4原著
801  2 @aCN@bNLC@c20060420
801  0 @aCN@b深圳图书馆@c20040512
905    @dZ822.9@e5
    
    嘉业堂钞校本目录/周子美编.天一阁藏书经见录/罗振常原著/(吴兴)周子美编.-上海:华东师范大学出版社,1986
    204页;19cm
    
    
    ISBN :CNY1.70
    
●
相关链接 在E读中查询图书 在五车中查询图书 在当当中查询图书 在豆瓣中查询图书


正题名:嘉业堂钞校本目录     索取号:Z822.9/5         预约/预借

序号 登录号 条形码 馆藏地/架位号 状态 备注
1 0164620   001316695   第三借阅区/ [索取号:Z822.9/5] 在馆    
2 0164621   202274412   密集书库/ [索取号:Z822.9/5] 在馆    
3 0164622   001316739   第二样本阅览室/ [索取号:Z822.9/5] 在馆    
唐山师范学院图书馆 欢迎您!
大连网信软件有限公司© 版权所有